Fauna of Nal Sarovar : (Record no. 41712)
[ view plain ]
| 000 -LEADER | |
|---|---|
| fixed length control field | 00877nam a22002417a 4500 |
| 005 - DATE AND TIME OF LATEST TRANSACTION | |
| control field | 20100813154219.0 |
| 010 ## - LCCN (DPL NO) | |
| LC control number | ENG-99896 |
| 020 ## - INTERNATIONAL STANDARD BOOK NUMBER | |
| International Standard Book Number | 9788181712356 |
| Terms of availability | 250.00 |
| 035 ## - SYSTEM CONTROL NUMBER | |
| System control number | EN-83428 |
| 037 ## - SOURCE OF ACQUISITION | |
| Source of stock number/acquisition | DBAD/PUB |
| 082 ## - DEWEY DECIMAL CLASSIFICATION NUMBER | |
| Classification number | 590.95475 |
| 100 ## - MAIN ENTRY--PERSONAL NAME | |
| Personal name | Sanjeev Kumar |
| 245 ## - TITLE STATEMENT | |
| Title | Fauna of Nal Sarovar : |
| Statement of responsibility, etc | by Sanjeev Kumar |
| Remainder of title | Gujarat / |
| 260 ## - PUBLICATION, DISTRIBUTION, ETC. (IMPRINT) | |
| Place of publication, distribution, etc | Kolkata |
| Name of publisher, distributor, etc | Zoological Survey of India |
| Date of publication, distribution, etc | 2009 |
| 270 ## - ADDRESS | |
| Address | 234/4, A.J.C. Bose Road, 2nd MSO Building |
| City | Kolkata |
| Postal code | 700020 |
| 300 ## - PHYSICAL DESCRIPTION | |
| Extent | 137p. |
| Dimensions | 24cm (pbk) |
| Accompanying material | maps and photoes |
| 490 ## - SERIES STATEMENT | |
| Series statement | Wetland Ecosystem Series, 11 |
| -- | 13858 |
| 650 ## - SUBJECT ADDED ENTRY--TOPICAL TERM | |
| Topical term or geographic name as entry element | Wetlands animals |
| 650 ## - SUBJECT ADDED ENTRY--TOPICAL TERM | |
| Topical term or geographic name as entry element | Wetland ecology |
| 700 ## - ADDED ENTRY--PERSONAL NAME | |
| 9 (RLIN) | 12825 |
| 942 ## - ADDED ENTRY ELEMENTS (KOHA) | |
| Source of classification or shelving scheme | Dewey Decimal Classification |
| Item type | English Books |
| Classification part | 590.95475 |
| Call number suffix | SAN |
| Withdrawn status | Lost status | Not for loan | Collection code | Home library | Current library | Date acquired | Source of acquisition | Cost, normal purchase price | Full call number | Barcode | Copy number | Cost, replacement price | Koha item type |
|---|---|---|---|---|---|---|---|---|---|---|---|---|---|
| Not For Loan | Non-fiction | D.B.Act.Division | D.B.Act.Division | 13/08/2010 | DBAD/PUB | 250.00 | 590.95475 SAN | EN-83428 | 1 | 250.00 | English Books |
